Loading...
| Current Events | 3 | 16.67 | 100% | 33% | 33% |
| Fine Arts - Auditory Fine Arts | 6 | 10.00 | 83% | 17% | 0% |
| Fine Arts - Visual Fine Arts | 8 | 15.00 | 100% | 50% | 0% |
| Geography | 4 | 2.50 | 25% | 0% | 0% |
| History - American History | 4 | 12.50 | 50% | 50% | 25% |
| History - Ancient History | 5 | 8.00 | 80% | 0% | 0% |
| History - European History | 6 | 10.00 | 83% | 17% | 0% |
| History - World History | 8 | 11.25 | 88% | 25% | 0% |
| Literature - American Literature | 7 | 8.57 | 71% | 14% | 0% |
| Literature - British Literature | 3 | 16.67 | 100% | 67% | 0% |
| Literature - European Literature | 6 | 10.00 | 100% | 0% | 0% |
| Literature - World Literature | 3 | 23.33 | 100% | 100% | 33% |
| Mythology | 3 | 13.33 | 67% | 67% | 0% |
| Other Academic | 2 | 20.00 | 100% | 50% | 50% |
| Philosophy | 5 | 8.00 | 80% | 0% | 0% |
| Religion | 9 | 13.33 | 89% | 44% | 0% |
| Science - Biology | 7 | 12.86 | 86% | 43% | 0% |
| Science - Chemistry | 4 | 20.00 | 100% | 75% | 25% |
| Science - Other Science | 6 | 13.33 | 83% | 33% | 17% |
| Science - Physics | 3 | 20.00 | 100% | 100% | 0% |
| Social Science | 7 | 10.00 | 100% | 0% | 0% |